| 000 | 01021nam a22002297a 4500 | ||
|---|---|---|---|
| 008 | 131023b xxu||||| |||| 00| 0 eng d | ||
| 041 | 0 | _aeng | |
| 080 | _a070.1 | ||
| 245 | 0 | 0 |
_aFreedom and Responsibility yearbook _cOSCE Representative on Freedom of the Media. |
| 246 | 3 | 0 | _aFreedom and Responsibility |
| 246 | 3 | _aYearbook | |
| 260 |
_aVienna : _bOSCE Representative on Freedom of the Media, _c2001 |
||
| 300 |
_a287 f. : _c21 cm. |
||
| 500 | _aPreface : f. 9 - 11 | ||
| 500 | _aIntroduction : f. 13 - 17 | ||
| 500 | _aThe Authors : f. 286 - 287 | ||
| 520 | _aThe OSCE Representative on Freedom of the Media observes media developments in all 56 OSCE participating States. He provides early warning on violations of freedom of expression and promotes full compliance with OSCE press freedom commitments. | ||
| 650 |
_a Liria e shtypit _v Periodikë _zEuropa |
||
| 650 |
_a Liria e fjalës _v Periodikë _zEuropa |
||
| 700 | 2 | _aOSCE Representative on Freedom of the Media. | |
| 942 |
_2udc _cBK |
||
| 999 |
_c150 _d150 |
||